00532nam a2200181Ia 4500003000900000008004100009020001800050040001600068080002500084100001700109245009000126260003500216300001300251650001900264650002200283650001900305700002600324IN-BaIIA211028s9999 xx 000 0 eng d a0-12-003814-5 cIIA Library a047.1:539.18bADV-14 aBates, D. R. 0aAdvances in atomic and molecular physicsbvol. 14cD. R. Bates and Immanuel Estermann aNew YorkbAcademic Pressc1978 ax, 464p. aAtomic physics aMolecular physics aNASA Thesaurus aEstermann, ImmanuelÂ